000 00431nam a22001817a 4500
005 20230926140706.0
008 230918b |||||||| |||| 00| 0 eng d
020 _a0859697274
082 _a824.912
_bYOU-L
100 _aYoungson,Robert
245 _aLiving with Asthma
260 _aUSA
_bSheldon Press
_c1995
300 _a122
500 _aInclude Index
650 _aLiterature
700 _aRobert Youngson
999 _c33609
_d33609